| 000 | 00600nam a22002057a 4500 | ||
|---|---|---|---|
| 003 | GBCCL | ||
| 005 | 20251117133526.0 | ||
| 008 | 251117b |||||||| |||| 00| 0 eng d | ||
| 020 | _a9789360659417 | ||
| 020 | _a9789360659134 | ||
| 040 | _cGBC | ||
| 082 |
_a270 _bRAL 1 |
||
| 100 | _aRalte, Lalfakawma | ||
| 245 |
_aGazing on the past : _ba study on history and historiography / _cLalfakawma Ralte |
||
| 260 |
_aDelhi, _bChristian World Imprints, _c2024 |
||
| 300 |
_a xvi, 162 pages ; _c23 cm |
||
| 650 | _aChurch history | ||
| 650 |
_a Church history _vHistoriography |
||
| 942 |
_2ddc _cBK _n0 |
||
| 999 |
_c11041 _d11041 |
||